Normal view
MARC view
Entry Personal Name
001 - CONTROL NUMBER
- control field: 77213
003 - CONTROL NUMBER IDENTIFIER
- control field: dpl
005 - DATE AND TIME OF LATEST TRANSACTION
- control field: 20250128141221.0
008 - FIXED-LENGTH DATA ELEMENTS
- fixed length control field: 250128|| aca||aabn | a|a d
040 ## - CATALOGING SOURCE
- Original cataloging agency: dpl
- Transcribing agency: dpl
100 ## - HEADING--PERSONAL NAME
- Personal name: Bhojwani,S.S
670 ## - SOURCE DATA FOUND
- Source citation: Work cat.: (dpl)147524: Bhojwani,S.S., The Embryology of angiosperms/, 2018(rep) 2020 (rep)
